Statistiques concernant Culture Générale - Série 1488

Cliquez ici pour prendre le quiz!

Statistiques générales

  • Ce quiz a été pris 104 fois
  • Le résultat moyen est 6 sur 10

Statistiques - réponses

QuestionRéponse% Correct
Les Nigériens sont les habitants du...Niger
100%
Qu'est-ce qui peut être de foin à la ferme, de radis ou de carottes sur le marché et de Nevers chez Lagardère ?botte
88%
Quelle est la capitale de la Nouvelle-Zélande ?Wellington
86%
Quel homonyme désigne une guérite construite à l'angle d'une fortification et un ustensile de table, associé à la salière ?poivrière
84%
Dans la comptine : "Il était une fois", dans quelle ville la marchande de foie vend-elle du foie ?Foix
80%
Quel célèbre monument parisien, conçu par Charles Garnier, a donné son nom à un gâteau au chocolat ?Opéra
79%
Quel petit poisson est la spécialité de la ville de Collioure, dans les Pyrénées-Orientales ? 'anchois
32%
Quelle déesse romaine est assimilée à la déesse grecque Perséphone ?Proserpine
17%
Dans le dessin animé qui porte son nom, quel est la race du chien Scoubidou ?danois
16%
Quel est le mammifère d'Afrique et d'Asie, long de 30 cm à 80 cm, le plus braconné au monde ?pangolin
11%

Distribution des résultats

Percentile par nombre de réponses

% des personnes avec chaque résultat

Votre développement - résultats

Vous n’avez pas pris ce quiz